00342nam a2200133Ia 4500003000900000008004100009040001300050040001300063100002600076245006900102260002300171300000800194490000600202IT-RoPAU120407s9999 xx 000 0 und d aIT-RoPAU cIT-RoPAU aMariangela Maravaglia aAcli. 50 anni a servizio della Chiesa e della società italiana aSan Paolo Edizioni c cm v1